[Event "CRO-chT3 West"]
[Site "Croatia"]
[Date "2010.04.25"]
[Round "5.43"]
[White "Rajkovic, Italo"]
[Black "Renka, Sanja"]
[Result "1-0"]
[WhiteElo "2052"]
[BlackElo "1812"]
[PlyCount "89"]
[EventDate "2010.03.27"]
[EventType "team-tourn"]
[EventRounds "9"]
[EventCountry "CRO"]
[SourceTitle "EXT 2012"]
[Source "ChessBase"]
[SourceDate "2011.11.24"]
[SourceVersion "1"]
[SourceVersionDate "2011.11.24"]
[SourceQuality "1"]

1. e4 c6 2. d4 d5 3. Nc3 dxe4 4. Nxe4 Bf5 5. Ng3 Bg6 6. Nf3 e6 7. Bc4 Nf6 8. 0-0 Bd6 9. c3 0-0 10. Nh4 Nbd7 11. Nxg6 hxg6 12. Bg5 Qb6 13. Bb3 Rac8 14. Be3 Nd5 15. Bd2 c5 16. dxc5 Bxc5 17. Ne4 N7f6 18. Nxc5 Qxc5 19. Qf3 b5 20. a3 a5 21. Rad1 Rfd8 22. Rfe1 Nb6 23. Be3 Qc7 24. Bg5 Rxd1 25. Rxd1 Nfd5 26. g3 Nc4 27. Bc1 Qc5 28. Rd4 Nf6 29. Qd1 e5 30. Rd8+ Kh7 31. Bc2 Rxd8 32. Qxd8 Ng4 33. Qh4+ Nh6 34. g4 Qc8 35. h3 f6 36. Bxh6 gxh6 37. Qxf6 Qe8 38. h4 Qg8 39. h5 Qg7 40. Qd8 Qg8 41. Qd7+ Kh8 42. Bxg6 Nxb2 43. Qd2 Qe6 44. Qxh6+ Kg8 45. Bh7+ 1-0

[Event "CRO-chT2a"]
[Site "Croatia"]
[Date "2009.04.26"]
[Round "6"]
[White "Tomic, Boris"]
[Black "Rajkovic, Italo"]
[Result "1/2-1/2"]
[WhiteElo "2104"]
[BlackElo "2018"]
[PlyCount "85"]
[EventDate "2009.04.04"]
[EventType "team-tourn"]
[EventRounds "9"]
[EventCountry "CRO"]
[SourceTitle "EXT 2010"]
[Source "ChessBase"]
[SourceDate "2010.11.25"]
[SourceVersion "1"]
[SourceVersionDate "2010.11.25"]
[SourceQuality "1"]

1. d4 d5 2. c4 Nf6 3. Nf3 g6 4. Nc3 Bg7 5. Bf4 c6 6. e3 0-0 7. Be2 Nbd7 8. cxd5 Nxd5 9. Nxd5 cxd5 10. 0-0 Nb8 11. Rc1 Qb6 12. Qd2 Nc6 13. a3 a6 14. b4 Bg4 15. h3 Bxf3 16. Bxf3 Rfd8 17. Qa2 e6 18. Rfd1 a5 19. b5 Qxb5 20. Bc7 Rd7 21. Be2 Qa4 22. Qb2 Bf8 23. Qxb7 Ra7 24. Qxc6 Qxc6 25. Rxc6 Rdxc7 26. Rxc7 Rxc7 27. a4 Bb4 28. g3 Kf8 29. h4 Ke7 30. Bf3 Kd6 31. Bg2 Rc2 32. Bf1 f6 33. Bd3 Rc7 34. Kf1 e5 35. dxe5+ fxe5 36. Ke2 Ke6 37. f3 Rc3 38. Ra1 Bc5 39. Kd2 Bb4 40. Ke2 Kf6 41. g4 h6 42. Ra2 Bc5 43. Rc2 1/2-1/2